| 000 -LEADER |
| fixed length control field |
00707nam a22002177a 4500 |
| 005 - DATE AND TIME OF LATEST TRANSACTION |
| control field |
20200317100614.0 |
| 008 - FIXED-LENGTH DATA ELEMENTS--GENERAL INFORMATION |
| fixed length control field |
200317b ||||| |||| 00| 0 eng d |
| 020 ## - INTERNATIONAL STANDARD BOOK NUMBER |
| International Standard Book Number |
50060127 |
| 040 ## - CATALOGING SOURCE |
| Transcribing agency |
KH8 |
| 082 ## - DEWEY DECIMAL CLASSIFICATION NUMBER |
| Classification number |
320 ZUN |
| 100 ## - MAIN ENTRY--PERSONAL NAME |
| Personal name |
Zunar |
| Relator term |
author & illustrator |
| 245 ## - TITLE STATEMENT |
| Title |
Pirates of the carry-BN / |
| Statement of responsibility, etc. |
Zunar |
| 260 ## - PUBLICATION, DISTRIBUTION, ETC. |
| Place of publication, distribution, etc. |
Kuala Lumpur : |
| Name of publisher, distributor, etc. |
Ranuza Enterprise, |
| Date of publication, distribution, etc. |
[2013] ©2013. |
| 300 ## - PHYSICAL DESCRIPTION |
| Extent |
120 pages : |
| Other physical details |
illustrations (chiefly color) ; |
| Dimensions |
19 x 27 cm. |
| 500 ## - GENERAL NOTE |
| General note |
Signed copy. |
| 546 ## - LANGUAGE NOTE |
| Language note |
Bilingual |
| 650 ## - SUBJECT ADDED ENTRY--TOPICAL TERM |
| Topical term or geographic name entry element |
Malaysia |
| Form subdivision |
Politics and government |
| General subdivision |
Caricatures and cartoons. |
| 650 ## - SUBJECT ADDED ENTRY--TOPICAL TERM |
| Topical term or geographic name entry element |
Malaysia |
| Form subdivision |
Social conditions |
| General subdivision |
Caricatures and cartoons. |
| 650 ## - SUBJECT ADDED ENTRY--TOPICAL TERM |
| Topical term or geographic name entry element |
Political cartoons. |
| 942 ## - ADDED ENTRY ELEMENTS (KOHA) |
| Source of classification or shelving scheme |
|
| Koha item type |
Books - Non Ficton |